Responses for show #4255 - Friday, February 14, 2003

2003 Teen Tournament final game 2.
(Jimmy: Fasten your seatbelts, driver's ed. clues coming up next on Jeopardy!)

Contestants

Tyler Allard, a senior from Garrett Park, Maryland (subtotal of $18,400)

John Zhang, a junior from Lexington, Kentucky (subtotal of $15,200)

Anthony Valente, a senior from Staten Island, New York (subtotal of $8,999)

Jeopardy! Round responses

THE UNITED NATIONS
KJPY HIT RADIO
TEEN BOOK SCENE
PEOPLE
HIGH COUP
NECCO SWEETHEARTS
    $200 6
(Tyler: What is Children?)

Children's

Tyler
    $200 25
'N Sync

John
    $200 1
Judy Blume

Anthony
    $200 11
Jeb

John
    $200 20
Napoleon

Anthony
    $200 26
be

John
    $400 7
New York City

Tyler
    $400 19
Vanessa Carlton

John
    $400 2
"The Iliad"

John
    $400 12
Kelly Osbourne

Anthony
    $400 21
Mikhail Gorbachev

Anthony
    $400 27
happy/smiley face

Anthony
    $600 8
Security Council

Tyler
    $600 18
Madison Square Garden

Anthony
    $600 3
Gilmore Girls

Anthony
    $600 13
golf

Triple Stumper
    $3,000 22
Greece

Anthony
    $600 28
(Tyler: What is lemon?)

banana

Tyler
Triple Stumper
    $800 9
(John: Who is Carter?)
(Anthony: Who is Reagan?)

George H.W. Bush (the father)

AnthonyJohnTyler
    $800 16
Coldplay

Anthony
    $800 4
"The Princess Diaries"

Tyler
    $800 14
(Tyler: Who is Stuart Little?)

Michael J. Fox

AnthonyTyler
    $800 23
Catherine the Great

Anthony
    $800 29
Venus

John
    $1000 10
Dag Hammarskjold

Tyler
    $1000 17
The White Stripes

Anthony
    $1000 5
"The Chocolate War"

John
    $1000 15
Arnold Schwarzenegger

Tyler
    $1000 24
Oliver Cromwell

Anthony
    $1000 30
(Anthony: What are Sweethearts?)

Conversation Hearts

AnthonyTyler

Scores at the first commercial break (after clue 15):

Anthony John Tyler
$1,200 $800 $4,000

Scores at the end of the Jeopardy! Round:

Anthony John Tyler
$8,400 $2,400 $4,400

Double Jeopardy! Round responses

NUCLEAR PHYSICS
(Alex: Uh-oh!)
DRIVER'S ED.
(Alex: Two tough subjects!)
WORLD GEOGRAPHY
LET'S DO A BROADWAY MUSICAL!
FASHION HISTORY
CROSSWORD CLUES "C"
    $400 11
nucleus

Anthony
    $400 26
license & registration

Anthony
    $400 1
Greenland

Anthony
    $400 3
Peter Pan

Anthony
    $400 13
(Anthony: Who is Jackie O.?)

Jacqueline Kennedy (Onassis)

Anthony
    $400 17
Cookie

John
    $800 12
half-life

Tyler
    $800 27
neutral

Tyler
    $800 2
Japan

Tyler
    $800 7
Oliver!

Tyler
    $800 22
Prince Edward

Tyler
    $800 18
(Anthony: What is the Caribbean?)

Colombia

AnthonyTyler
    $1200 14
quarks

Anthony
    $1200 28
parallel parking

John
    $1200 4
Indian Ocean

Tyler
    $1200 8
Man of La Mancha

Tyler
    $1200 23
middy

Triple Stumper
    $1200 19
(Anthony: What is Crusade?)
...
(Alex: 8 letters!)

Crusades

AnthonyTyler
    $5,000 15
a positron

Anthony
    $1600 29
blind spot

Tyler
    $1600 5
Philippines

Anthony
    $1600 9
Evita

John
    $1600 24
Audrey & Katharine

Anthony
    $1600 20
copper

Tyler
    $2000 16
tritium

John
    $10,000 30
(Alex: Tyler, I'm looking over to see the reaction from your father [Puts hand over eyes] ...same reaction he had a few days ago when you did the same thing and it worked for you!)

air bags

Tyler
    $2000 6
Yucatan Peninsula

Tyler
    $2000 10
Cats

John
    $2000 25
Byron

Anthony
    $2000 21
Cardiff

Tyler

Scores at the end of the Double Jeopardy! Round:

Anthony John Tyler
$19,800 $9,600 $30,000

[wagering suggestions for these scores]

Final Jeopardy! Round responses

FAMOUS AMERICANS
(Alex: The minimum guarantees have been shot to pieces in this tournament; we're back to our regular games next week.)
JohnWho is Daniel Boone?
$9,600
AnthonyWho is Ben Franklin?
$4,000
TylerWho was George Washington
$20,000
Daniel Boone

Final scores:

Anthony John Tyler
$15,800 $19,200 $10,000

Cumulative scores:

Anthony John Tyler
$24,799 $34,400 $28,400
2nd runner-up: $24,799 Tournament champion: $50,000 + a silver 2003 Volkswagen New Beetle 1st runner-up: $28,400

Game dynamics:

Coryat scores:

Anthony John Tyler
$14,000 $9,600 $22,000
23 R
(including 2 DDs),
4 W
12 R,
1 W
22 R
(including 1 DD),
2 W

Combined Coryat: $45,600

The J! Archive is created by fans, for fans. The Jeopardy! game show and all elements thereof, including but not limited to copyright and trademark thereto, are the property of Jeopardy Productions, Inc. and are protected under law. This website is not affiliated with, sponsored by, or operated by Jeopardy Productions, Inc. Join the discussion at JBoard.tv.